000
00295nam a2200097Ia 4500
008
171211s9999 xx 000 0 und d
245
_a
Als Die Soldaten Kamen: Die Vergewaltigung Deutscher Frauen Am Ende Des Zweiten Weltkriegs
245
_c
Miriam Gebhardt
260
_c
2015
650
_x
Military
999
_c
348308
_d
348308